[Event "COL-ch sf"]
[Site "Medellin"]
[Date "2014.??.??"]
[Round "1"]
[White "Barros, Raul"]
[Black "Mendoza, Rafael Enrique"]
[Result "0-1"]
[WhiteElo "1986"]
[BlackElo "2321"]
[PlyCount "74"]
[EventDate "2014.04.15"]
[EventType "swiss"]
[EventRounds "11"]
[EventCountry "COL"]
[SourceTitle "CBM 160 Extra"]
[Source "ChessBase"]
[SourceDate "2014.07.01"]
[SourceVersion "1"]
[SourceVersionDate "2014.07.01"]
[SourceQuality "1"]

1. d4 Nf6 2. Nf3 e6 3. Bf4 c5 4. e3 b6 5. Bd3 Bb7 6. 0-0 Be7 7. Nbd2 0-0 8. c3 d6 9. h3 Nbd7 10. Qe2 a6 11. Rfd1 Qc7 12. e4 Rfe8 13. Rac1 e5 14. dxe5 dxe5 15. Bg5 b5 16. b3 Rad8 17. a4 c4 18. Bc2 cxb3 19. Bxb3 Nc5 20. axb5 axb5 21. Bc2 Bc6 22. Ne1 g6 23. f3 Nh5 24. Be3 Nf4 25. Qf2 Bd7 26. Kh2 Rc8 27. Nb1 Be6 28. Nd3 Ncxd3 29. Bxd3 Nxd3 30. Rxd3 Ra8 31. Rc2 h5 32. Rb2 Ra1 33. Nd2 Qc6 34. Nb3 Ra3 35. Qc2 Rc8 36. Bd2 Bc4 37. Re3 Bg5 0-1

[Event "COL-ch sf"]
[Site "Medellin"]
[Date "2014.??.??"]
[Round "10"]
[White "Ruiz Aguilar, Pablo Alexander"]
[Black "Barros, Raul"]
[Result "1-0"]
[WhiteElo "2244"]
[BlackElo "1986"]
[PlyCount "78"]
[EventDate "2014.04.15"]
[EventType "swiss"]
[EventRounds "11"]
[EventCountry "COL"]
[SourceTitle "CBM 160 Extra"]
[Source "ChessBase"]
[SourceDate "2014.07.01"]
[SourceVersion "1"]
[SourceVersionDate "2014.07.01"]
[SourceQuality "1"]

1. e4 c5 2. Nf3 d6 3. d4 cxd4 4. Nxd4 Nf6 5. Nc3 a6 6. Be2 e6 7. 0-0 Be7 8. f4 Qc7 9. Kh1 0-0 10. Be3 b5 11. Bf3 Bb7 12. f5 e5 13. Nb3 b4 14. Nd5 Nxd5 15. exd5 Nd7 16. a3 bxa3 17. Rxa3 Rfc8 18. Na5 Rab8 19. c4 Ba8 20. Qd2 Bf6 21. b4 Re8 22. Nc6 e4 23. Nxb8 exf3 24. Nxd7 Qxd7 25. Rxf3 Bb7 26. Rf1 Be5 27. Bd4 f6 28. Bb6 Qf7 29. Rh3 Rc8 30. Qe2 h6 31. Rd1 Re8 32. Qg4 Qd7 33. Rxh6 Bc3 34. Rg6 Qe7 35. h4 Bxb4 36. Bd4 Rf8 37. Rd3 Rf7 38. Re3 Qd8 39. Bxf6 Qd7 1-0

[Event "COL-ch sf"]
[Site "Medellin"]
[Date "2014.??.??"]
[Round "5"]
[White "Soto, Miguel Angel"]
[Black "Barros, Raul"]
[Result "0-1"]
[WhiteElo "1723"]
[BlackElo "1986"]
[PlyCount "56"]
[EventDate "2014.04.15"]
[EventType "swiss"]
[EventRounds "11"]
[EventCountry "COL"]
[SourceTitle "CBM 160 Extra"]
[Source "ChessBase"]
[SourceDate "2014.07.01"]
[SourceVersion "1"]
[SourceVersionDate "2014.07.01"]
[SourceQuality "1"]

1. e4 c5 2. Nf3 e6 3. d4 cxd4 4. Nxd4 Nf6 5. Bd3 Be7 6. 0-0 d6 7. Nc3 a6 8. Kh1 Qc7 9. f4 b5 10. a3 Bb7 11. Qe2 Nc6 12. Nxc6 Bxc6 13. e5 dxe5 14. fxe5 Nd7 15. Bf4 Nc5 16. Ne4 Nxe4 17. Bxe4 Bxe4 18. Qxe4 Rc8 19. c3 0-0 20. Rf3 Qc6 21. Qc2 f5 22. Rd1 Rcd8 23. Rfd3 Qe4 24. Bg3 f4 25. Bf2 Qxe5 26. Re1 Qf5 27. Bd4 Bf6 28. Qe2 e5 0-1

[Event "COL-ch"]
[Site "Ibague"]
[Date "2013.07.07"]
[Round "11"]
[White "Barros, Raul"]
[Black "Palechor, Cesar Augusto"]
[Result "1/2-1/2"]
[WhiteElo "2019"]
[BlackElo "1794"]
[PlyCount "28"]
[EventDate "2013.07.01"]
[EventType "swiss"]
[EventRounds "11"]
[EventCountry "COL"]
[SourceTitle "EXT 2014"]
[Source "ChessBase"]
[SourceDate "2013.11.20"]
[SourceVersion "1"]
[SourceVersionDate "2013.11.20"]
[SourceQuality "1"]

1. d4 Nf6 2. Nf3 c5 3. d5 d6 4. c4 g6 5. Nc3 Bg7 6. e4 0-0 7. Bd3 a6 8. 0-0 Bg4 9. Bd2 Nbd7 10. h3 Bxf3 11. Qxf3 Ne5 12. Qe2 Nxd3 13. Qxd3 Nd7 14. Qe2 Rb8 1/2-1/2

[Event "COL-ch"]
[Site "Ibague"]
[Date "2013.07.02"]
[Round "3"]
[White "Castaneda, Victor"]
[Black "Barros, Raul"]
[Result "1-0"]
[WhiteElo "1876"]
[BlackElo "2019"]
[PlyCount "91"]
[EventDate "2013.07.01"]
[EventType "swiss"]
[EventRounds "11"]
[EventCountry "COL"]
[SourceTitle "EXT 2014"]
[Source "ChessBase"]
[SourceDate "2013.11.20"]
[SourceVersion "1"]
[SourceVersionDate "2013.11.20"]
[SourceQuality "1"]

1. d4 c5 2. d5 e5 3. c4 d6 4. Nc3 a6 5. e4 Ne7 6. Bd3 Nd7 7. Nge2 g6 8. 0-0 Bg7 9. Qc2 0-0 10. Bg5 h6 11. Bxe7 Qxe7 12. Rae1 Nf6 13. Qd2 Bd7 14. b3 Rae8 15. a3 Nh5 16. b4 b6 17. Rb1 Rb8 18. Rb3 Ra8 19. Rfb1 Ra7 20. bxc5 bxc5 21. Rb6 Rc8 22. Bc2 Rcc7 23. Ba4 Bf8 24. Bxd7 Qxd7 25. Qc2 Nf6 26. f3 Kg7 27. Qa4 Qc8 28. Rb8 Qd7 29. Qxd7 Nxd7 30. R8b3 Be7 31. Nc1 Bg5 32. Kf2 Kf8 33. R3b2 Ke7 34. Nb3 Kf8 35. Na5 Kg7 36. Nc6 Ra8 37. a4 h5 38. Rb7 Rxb7 39. Rxb7 Nf8 40. a5 Bd2 41. Na4 Kf6 42. Nb6 Re8 43. Ra7 Bc3 44. Rxa6 Kg7 45. Ra7 g5 46. a6 1-0

[Event "Barranquilla op 12"]
[Site "Barranquilla"]
[Date "2011.12.28"]
[Round "2"]
[White "Barros, Raul"]
[Black "Chavez Lazo, Jorge Leonidas"]
[Result "1/2-1/2"]
[WhiteElo "2032"]
[BlackElo "2118"]
[PlyCount "65"]
[EventDate "2011.12.28"]
[EventType "swiss"]
[EventRounds "7"]
[EventCountry "COL"]
[SourceTitle "CBM 146 Extra"]
[Source "ChessBase"]
[SourceDate "2012.02.29"]
[SourceVersion "1"]
[SourceVersionDate "2012.02.29"]
[SourceQuality "1"]

1. d4 Nf6 2. Nf3 c5 3. d5 b5 4. a4 b4 5. e3 e6 6. dxe6 fxe6 7. b3 Be7 8. Bb2 0-0 9. Bd3 Bb7 10. 0-0 d5 11. Nbd2 Nbd7 12. Qe2 Qc7 13. e4 d4 14. Ng5 Bd6 15. g3 Rfe8 16. f4 h6 17. Ngf3 e5 18. f5 Ng4 19. Bc4+ Kh8 20. Ng5 Ndf6 21. Ne6 Qe7 22. Bd3 Bc8 23. Bb5 Rg8 24. Rf3 Ne3 25. Nf1 Bxe6 26. fxe6 Nfg4 27. Nxe3 Nxe3 28. Bc1 Rgf8 29. Bxe3 Rxf3 30. Qxf3 Rf8 31. Qe2 dxe3 32. Bc4 Qg5 33. Re1 1/2-1/2

[Event "Medellin Cuartas Memorial"]
[Site "Medellin"]
[Date "2011.08.05"]
[Round "4"]
[White "Torres, Juan Camilo"]
[Black "Barros, Raul"]
[Result "1/2-1/2"]
[WhiteElo "2206"]
[BlackElo "1987"]
[PlyCount "102"]
[EventDate "2011.08.03"]
[EventType "swiss"]
[EventRounds "8"]
[EventCountry "COL"]
[SourceTitle "CBM 144 Extra"]
[Source "ChessBase"]
[SourceDate "2011.10.28"]
[SourceVersion "1"]
[SourceVersionDate "2011.10.28"]
[SourceQuality "1"]

1. d4 c5 2. d5 e5 3. e4 a6 4. a4 d6 5. Nc3 Be7 6. Nf3 Bg4 7. h3 Bh5 8. g4 Bg6 9. h4 h6 10. Be3 Nf6 11. Nd2 Nfd7 12. h5 Bh7 13. Bd3 Bg5 14. Nc4 Bxe3 15. Nxe3 Qf6 16. Qd2 Nb6 17. 0-0-0 N8d7 18. Rdg1 0-0-0 19. a5 Na8 20. Nc4 Nc7 21. g5 hxg5 22. Qxg5 Ne8 23. Qd2 Kb8 24. Kb1 Qe7 25. Na4 Ndf6 26. f3 Ng8 27. b4 cxb4 28. Qxb4 Ngf6 29. Ncb6 Ka7 30. Ka2 Nd7 31. Nc4 Rc8 32. Nab6 Nxb6 33. axb6+ Kb8 34. Na5 Rc5 35. Bxa6 Rxa5+ 36. Qxa5 bxa6 37. Qxa6 Qb7 38. Qb5 f5 39. Kb2 fxe4 40. Ra1 exf3 41. Ra7 Qc8 42. Qa4 Qxc2+ 43. Qxc2 Bxc2 44. Kxc2 Nf6 45. Rxg7 Nxd5 46. h6 f2 47. h7 Nf6 48. Kd2 Rxh7 49. Rhxh7 Nxh7 50. Ke2 Nf6 51. Kxf2 Nd5 1/2-1/2

[Event "Bucaramanga UDI-ch"]
[Site "Bucaramanga"]
[Date "2011.04.15"]
[Round "7.8"]
[White "Carreno Acevedo, Jhonatan Robert"]
[Black "Barros, Raul"]
[Result "1-0"]
[WhiteElo "1802"]
[BlackElo "2023"]
[PlyCount "50"]
[EventDate "2011.04.15"]
[EventType "swiss"]
[EventRounds "9"]
[EventCountry "COL"]
[SourceTitle "EXT 2024"]
[Source "ChessBase"]
[SourceDate "2023.10.10"]
[SourceVersion "1"]
[SourceVersionDate "2023.10.10"]
[SourceQuality "1"]

1. e4 c5 2. c3 d5 3. exd5 Qxd5 4. d4 e6 5. Nf3 Nf6 6. Bd3 Be7 7. 0-0 0-0 8. Na3 Qd8 9. Nc2 b6 10. Re1 Bb7 11. Bg5 cxd4 12. Ncxd4 Nbd7 13. Qe2 Nd5 14. Qe4 g6 15. Qh4 Re8 16. Bb5 Bxg5 17. Nxg5 N5f6 18. Rad1 Re7 19. Bc6 Qc7 20. Bxb7 Qxb7 21. Nxh7 Kg7 22. Nxf6 Nxf6 23. Qg3 Rd8 24. f3 Red7 25. Rd2 Rd5 1-0

[Event "Medellin op"]
[Site "Medellin"]
[Date "2011.04.??"]
[Round "9"]
[White "Barros, Raul"]
[Black "Rendon, Daniel"]
[Result "1/2-1/2"]
[WhiteElo "2023"]
[BlackElo "2130"]
[PlyCount "33"]
[EventDate "2011.04.??"]
[EventType "swiss"]
[EventRounds "9"]
[EventCountry "COL"]
[SourceTitle "CBM 142 Extra"]
[Source "ChessBase"]
[SourceDate "2011.06.27"]
[SourceVersion "1"]
[SourceVersionDate "2011.06.27"]
[SourceQuality "1"]

1. d4 Nf6 2. Nf3 d5 3. Bg5 e6 4. e3 c6 5. Bd3 Nbd7 6. 0-0 Bd6 7. c4 dxc4 8. Bxc4 b5 9. Be2 0-0 10. Qc2 Bb7 11. Rd1 Qc7 12. Nbd2 a6 13. Rac1 h6 14. Bh4 Nd5 15. Bg3 Bxg3 16. hxg3 Rac8 17. Nb3 1/2-1/2

[Event "Medellin op"]
[Site "Medellin"]
[Date "2011.04.??"]
[Round "1"]
[White "Benitez Rodriguez, Carlos"]
[Black "Barros, Raul"]
[Result "1-0"]
[WhiteElo "2160"]
[BlackElo "2023"]
[PlyCount "79"]
[EventDate "2011.04.??"]
[EventType "swiss"]
[EventRounds "9"]
[EventCountry "COL"]
[SourceTitle "CBM 142 Extra"]
[Source "ChessBase"]
[SourceDate "2011.06.27"]
[SourceVersion "1"]
[SourceVersionDate "2011.06.27"]
[SourceQuality "1"]

1. d4 d5 2. c4 e6 3. Nc3 Nf6 4. cxd5 exd5 5. Bg5 Be7 6. e3 c6 7. Bd3 Bg4 8. f3 Bh5 9. Nge2 Nbd7 10. 0-0 Ne4 11. Bf4 Nxc3 12. Nxc3 Nf6 13. Qb3 Qd7 14. Rad1 Bg6 15. Bxg6 hxg6 16. e4 0-0 17. Rfe1 Rfe8 18. exd5 Nxd5 19. Nxd5 cxd5 20. Re5 Red8 21. Re3 b6 22. Be5 Rac8 23. Rde1 Bf8 24. Bg3 Rc4 25. Qd1 Rdc8 26. b3 Rc2 27. R3e2 R2c6 28. Qd3 Bb4 29. Rd1 Qb7 30. Be1 Bd6 31. Bg3 Rc3 32. Qb5 a6 33. Re8+ Bf8 34. Rxc8 Rxc8 35. Qe2 b5 36. Qe5 Qc6 37. Re1 Bb4 38. Re2 Qc1+ 39. Kf2 Rc6 40. Bf4 1-0

[Event "Medellin op"]
[Site "Medellin"]
[Date "2011.04.??"]
[Round "2"]
[White "Ramirez, Benjamin Dario"]
[Black "Barros, Raul"]
[Result "1-0"]
[WhiteElo "2208"]
[BlackElo "2023"]
[PlyCount "77"]
[EventDate "2011.04.??"]
[EventType "swiss"]
[EventRounds "9"]
[EventCountry "COL"]
[SourceTitle "CBM 142 Extra"]
[Source "ChessBase"]
[SourceDate "2011.06.27"]
[SourceVersion "1"]
[SourceVersionDate "2011.06.27"]
[SourceQuality "1"]

1. e4 c5 2. Nf3 e6 3. d4 cxd4 4. Nxd4 Nf6 5. Bd3 Be7 6. 0-0 d6 7. Nc3 a6 8. Be3 Qc7 9. h3 b5 10. a3 Bb7 11. f4 Nbd7 12. Qe2 Nc5 13. Bf2 d5 14. e5 Nfe4 15. Bxe4 Nxe4 16. Nxe4 dxe4 17. c3 0-0 18. Be3 Bd5 19. Qf2 Bc4 20. Rfe1 Rac8 21. Rad1 Bd3 22. Bc1 Bc5 23. Be3 a5 24. Ne2 b4 25. cxb4 axb4 26. Rc1 Bxe3 27. Qxe3 Qa5 28. Ng3 bxa3 29. bxa3 g6 30. Kh2 Rb8 31. Rc5 Qa4 32. f5 exf5 33. Nxf5 gxf5 34. Qg5+ Kh8 35. Qf6+ Kg8 36. Re3 f4 37. e6 h6 38. Qxh6 f5 39. Rc7 1-0

[Event "COL-ch sf "]
[Site "Medellin"]
[Date "2010.06.08"]
[Round "6"]
[White "Barros, Raul"]
[Black "Manrique, Fernando"]
[Result "1-0"]
[WhiteElo "2034"]
[BlackElo "1973"]
[PlyCount "81"]
[EventDate "2010.06.05"]
[EventType "swiss"]
[EventRounds "11"]
[EventCountry "COL"]
[SourceTitle "CBM 136 Extra"]
[Source "ChessBase"]
[SourceDate "2010.07.02"]
[SourceVersion "2"]
[SourceVersionDate "2010.07.15"]
[SourceQuality "1"]

1. d4 d5 2. Nf3 Nf6 3. c4 dxc4 4. e3 Be6 5. Na3 g6 6. Nxc4 Nc6 7. a3 Bg7 8. Bd3 0-0 9. 0-0 Bd5 10. Ncd2 Bxf3 11. Nxf3 Qd6 12. Bd2 Rad8 13. Qc2 a6 14. Rac1 Rfe8 15. Qb3 Rb8 16. Rfd1 e6 17. Qc2 Rbd8 18. Be1 Nd5 19. g3 Nde7 20. Bf1 Rd7 21. Bg2 Nd5 22. Nd2 f5 23. Nb3 Rb8 24. Nc5 Re7 25. Nxb7 Nxd4 26. Nxd6 Nxc2 27. Nxf5 gxf5 28. Rxc2 Rxb2 29. Rc6 Nb6 30. Bb4 Rd7 31. Rdc1 Nd5 32. Bxd5 Rxd5 33. Rxc7 a5 34. Rxg7+ Kxg7 35. Bc3+ Kf7 36. Bxb2 Kg6 37. Bd4 Rb5 38. Rc5 Rb1+ 39. Kg2 a4 40. Ra5 h5 41. h4 1-0

[Event "COL-ch sf "]
[Site "Medellin"]
[Date "2010.06.06"]
[Round "3"]
[White "Barros, Raul"]
[Black "Montenegro, Juan Rolando"]
[Result "0-1"]
[WhiteElo "2034"]
[BlackElo "2137"]
[PlyCount "58"]
[EventDate "2010.06.05"]
[EventType "swiss"]
[EventRounds "11"]
[EventCountry "COL"]
[SourceTitle "CBM 136 Extra"]
[Source "ChessBase"]
[SourceDate "2010.07.02"]
[SourceVersion "2"]
[SourceVersionDate "2010.07.15"]
[SourceQuality "1"]

1. Nf3 d5 2. d4 e6 3. e3 Nd7 4. c4 c6 5. Nbd2 Bd6 6. Bd3 f5 7. b3 Ngf6 8. Bb2 0-0 9. Qe2 Ne4 10. g3 b6 11. Rc1 Bb7 12. cxd5 cxd5 13. 0-0 g5 14. Ne5 Nxe5 15. dxe5 Bb4 16. Nxe4 fxe4 17. Bb5 Qe7 18. Qg4 Rf5 19. Rc2 a6 20. Be2 Rc8 21. Rfc1 Rxc2 22. Rxc2 Be1 23. f4 exf3 24. Bxf3 Qf7 25. Bg2 h5 26. Qd1 Bf2+ 27. Kh1 Bxe3 28. Qe2 d4 29. h3 Rf2 0-1